000
00259nam a2200109Ia 4500
008
230907s9999||||xx |||||||||||||| ||und||
082
_a
6.3
_b
LUG
245
0
_a
Artificial intelligence :
260
_a
Pearson,
_b
Noida :
_c
2009
300
_a
903 p.
942
_c
BK
999
_c
600493
_d
600493